=LDR 00000nam 2200000 4500 =001 INLIS000000000009853 =005 20130612101625 =008 ***********************************Ind** =035 ##$$0010-061300000009853 =041 ##$$a Ind =082 ##$$a 616.12 =090 ##$$a 616.12, Mur r =100 ##$$a Mursito, Bambang =245 ##$$a Ramuan tradisional untuk pengobatan jantung, Drs.Bambang Mursito,Apt.,M.Si =260 ##$$a 2002 $b Jakarta =300 ##$$a viii,104 hlm., 20,5 cm =650 ##$$a Jantung =650 ##$$a penyakit =850 ##$$a NBPNMAT